000 00543nam a2200193Ia 4500
003 GCL
008 140319s9999 xx 000 0 eng d
040 _aGCL /
_cGCL
082 0 4 _a810.912
_bP A
100 1 _aPIZER, DONALD
245 1 0 _aAMERCIAN REALISM AND NATURALISM : HOWELLS TO LONDON /
_cPIZER, DONALD
260 _a[S.N] :
_bCAMBRIDGE UNIVERSITY PRESS ،
_c1995
300 _a287
650 0 4 _aLITERATURE
650 0 4 _aAMERICAN FICTION
650 0 4 _aNATURALISM IN LITERATURE
650 0 4 _aREALISM IN LITERATURE
942 _2ddc
_cBK
999 _c10255
_d10255